| 000 | 00000nam##2200000za#4500 |
| 001 | 9.636492 |
| 003 | CaOODSP |
| 005 | 20210624220749 |
| 007 | cr ||||||||||| |
| 008 | 150407|2005||||xxc|||||o f|0| 0 fre|d |
| 040 | |aCaOODSP|bfre |
| 043 | |an-cn--- |
| 086 | 1 |aA118-10/17-2005F-PDF |
| 110 | 1 |aCanada. |bAgriculture et agroalimentaire Canada. |bCentre de lutte antiparasitaire. |
| 245 | 10|aProfil de la culture de la fraise au Canada / |h[ressource électronique]|cPréparé par Programme de réduction des risques liés aux pesticides, Centre pour la lutte antiparasitaire. |
| 260 | |aOttawa - Ontario : |bAgriculture et Agroalimentaire Canada. |cAvril 2005. |
| 300 | |a60p.|bréférences, tableaux |
| 590 | |a09-07-Supp|b2009-08-17 |
| 691 | 07|aCultures fruitières|2gcpds |
| 691 | 07|aCultures|2gcpds |
| 775 | 08|tCrop profile for strawberry in Canada / |w(CaOODSP)9.692228 |
| 856 | 40|ahttp://publications.gc.ca|qPDF|s1129 Ko|uhttps://publications.gc.ca/collections/collection_2009/agr/A118-10-17-2005F.pdf |